Województwa i państwa graniczące z województwem śląskim - Statystyki

Ogólne statystyki
  • Ten quiz został rozwiązany 331 razy
  • Średni wynik to 5 z 6
Statystyki odpowiedzi
Województwa | państwa % Poprawnych
Czechy
97%
opolskie
96%
małopolskie
95%
Słowacja
92%
łódzkie
87%
świętokrzyskie
83%
Nie znaleziono quizów pasujących do podanych kryteriów
Rozkład punktacji
Procent ludzi z każdym wynikiem
Percentyl według liczby udzielonych odpowiedzi
Twoja historia wyników
Nie rozwiązałeś tego quizu